|
|
|
|
| LEADER |
01598nam a22003137a 4500 |
| 001 |
42533 |
| 003 |
BD-DhAAL |
| 008 |
240428t2024 bg a|||| |||| 00| 0 eng d |
| 040 |
|
|
|a BD-DhAAL
|c BD-DhAAL
|
| 082 |
|
|
|a 821
|2 23
|
| 100 |
|
|
|a Ausan, Leo Tito L.
|9 56286
|
| 245 |
|
|
|a Sleepless in Dhaka & other poems :
|b written in & inspired by Bangladesh /
|c Leo Tito L. Ausan ; with forewords by Masud Bin Momen and Najmul Huda ; translated by Misbahul Haque.
|
| 264 |
|
|
|a Dhaka :
|b Rhythm Group,
|c 2024.
|
| 300 |
|
|
|a 48 pages :
|b color illustrations ;
|c 22 cm.
|
| 541 |
|
|
|a Complimentary copy from Muhammad Musharraf Hossain Bhuiyan, Cabinet Secretary of the Govt. of Bangladesh (retired)
|e 42533, 42534
|
| 600 |
|
|
|a Mujibur Rahman,
|c Sheikh,
|d 1920-1975
|v Poetry.
|
| 650 |
|
|
|a English poetry.
|
| 650 |
|
|
|a Bengali poetry.
|
| 650 |
|
|
|a English literature.
|
| 650 |
|
|
|a Bengali literature.
|
| 651 |
|
|
|a Bangladesh
|x Politics and government.
|
| 700 |
|
|
|a Momen, Masud Bin.
|9 56287
|
| 700 |
|
|
|a Huda, Najmul.
|9 56288
|
| 700 |
|
|
|a Haque, Misbahul,
|e translator.
|9 56289
|
| 852 |
|
|
|a Ayesha Abed Library
|c General Stacks
|
| 942 |
|
|
|2 ddc
|c BK
|
| 999 |
|
|
|c 46576
|d 46576
|
| 952 |
|
|
|0 0
|1 0
|2 ddc
|4 0
|6 821_000000000000000_AUS
|7 0
|9 75404
|a BRACUL
|b BRACUL
|c GEN
|d 2024-04-28
|e Complimentary copy from Muhammad Musharraf Hossain Bhuiyan
|l 1
|m 7
|o 821 AUS
|p 3010042533
|r 2025-03-03
|s 2024-12-15
|t 1
|w 2024-04-28
|y BK
|
| 952 |
|
|
|0 0
|1 0
|2 ddc
|4 0
|6 821_000000000000000_AUS
|7 0
|9 75405
|a BRACUL
|b BRACUL
|c GEN
|d 2024-04-29
|e Complimentary copy from Muhammad Musharraf Hossain Bhuiyan
|l 1
|o 821 AUS
|p 3010042534
|r 2024-05-13
|s 2024-05-06
|t 2
|w 2024-04-29
|y BK
|